駅名クイズ - 北海道内にある駅 ver. - Statistics

General Stats
  • This quiz has been taken 66 times
  • The average score is 183 of 461
Answer Stats
Number Answer % Correct
H75 函館
92%
01 札幌
90%
| H70 新函館北斗
85%
| sh01 木古内
83%
H62
83%
AP15 新千歳空港
81%
A28 旭川
79%
H07 | N06 さっぽろ
79%
H74 五稜郭
77%
H47 長万部
77%
H03 | T13 白石
77%
H05 新札幌
77%
A13 岩見沢
75%
根室
75%
H18 苫小牧
75%
H13 千歳
75%
S15 小樽
73%
H02 苗穂
73%
H14 南千歳
73%
H10 恵庭
73%
M36 室蘭
73%
W80 稚内
73%
A69 網走
73%
A20 砂川
71%
K53 釧路
71%
H07 北広島
69%
S25 ニセコ
67%
S07 手稲
67%
S02 桑園
67%
A21 滝川
67%
A24 深川
67%
T30 富良野
67%
H28 登別
67%
S05 発寒
65%
A04 厚別
65%
K31 帯広
65%
S13 小樽築港
63%
A09 江別
63%
H11 サッポロビール庭園
63%
W79 南稚内
63%
H08 | N07 | T09 大通
63%
H54 八雲
60%
S23 倶知安
60%
S11 銭函
60%
S06 稲積公園
60%
S04 発寒中央
60%
S03 | T03 琴似
60%
A06 大麻
60%
A16 美唄
60%
H32 東室蘭
60%
K21 占冠
60%
H71 七飯
58%
S14 南小樽
58%
S10 ほしみ
58%
W48 名寄
58%
K23 新得
56%
H41 洞爺
56%
K20 新夕張
56%
K22 トマム
56%
A60 北見
56%
N08 | SC23 すすきの
56%
H68 大沼
54%
H67 大沼公園
54%
W61 音威子府
54%
G14 北海道医療大学
54%
H73 桔梗
52%
S09 星置
52%
H09 恵み野
52%
H04 平和
52%
H45 小幌
52%
A29 旭川四条
52%
A30 新旭川
52%
G13 当別
52%
N01 麻生
52%
T19 新さっぽろ
52%
S18 余市
50%
A05 森林公園
50%
A07 野幌
50%
W42 士別
50%
G05 新琴似
50%
鵡川
50%
N16 真駒内
50%
H72 大中山
48%
A11 幌向
48%
K47 白糠
48%
H17 沼ノ端
48%
H06 上野幌
48%
W34 比布
48%
W38 和寒
48%
W74 豊富
48%
A43 上川
48%
A67 女満別
48%
N05 北12条
48%
N04 北18条
48%
N03 北24条
48%
H65 駒ヶ岳
46%
S27 蘭越
46%
S20 然別
46%
S12 朝里
46%
A12 上幌向
46%
A23 妹背牛
46%
A25 納内
46%
B54 東釧路
46%
厚岸
46%
H38 伊達紋別
46%
F42 中富良野
46%
W54 美深
46%
W59 天塩川温泉
46%
W72 幌延
46%
G10 あいの里教育大
46%
H66 赤井川
44%
S30 黒松内
44%
S19 仁木
44%
A15 光珠内
44%
H23 白老
44%
K15 追分
44%
F37 美瑛
44%
F39 上富良野
44%
石狩沼田
44%
W31 永山
44%
W40 剣淵
44%
W64 天塩中川
44%
A50 遠軽
44%
A56 留辺蘂
44%
G11 あいの里公園
44%
G11-1 ロイズタウン
44%
H69 仁山
42%
S26 昆布
42%
S24 比羅夫
42%
S08 稲穂
42%
A08 高砂
42%
A17 茶志内
42%
A18 奈井江
42%
A22 江部乙
42%
N66 渡島砂原
42%
T23 赤平
42%
N12 | T25 平岸
42%
T26 芦別
42%
K24 十勝清水
42%
K27 芽室
42%
K36 池田
42%
H16 植苗
42%
栗山
42%
W47 名寄高校
42%
B56 釧路湿原
42%
B72 知床斜里
42%
A65 美幌
42%
G03 八軒
42%
G04 新川
42%
H49 国縫
40%
S29 熱郛
40%
A27 近文
40%
N63 東森
40%
K38 豊頃
40%
H08 島松
40%
H44 礼文
40%
H30 幌別
40%
M35 母恋
40%
F41 ラベンダー畑
40%
秩父別
40%
W36 蘭留
40%
W66 問寒別
40%
W67 糠南
40%
B61 標茶
40%
A59 西北見
40%
A66 西女満別
40%
N09 中島公園
40%
N15 自衛隊前
40%
H01 栄町
40%
H09 豊水すすきの
40%
N02 北34条
40%
A10 豊幌
38%
A14 峰延
38%
N68 鹿部
38%
K29 西帯広
38%
H12 長都
38%
H42 豊浦
38%
由仁
38%
栗沢
38%
北一已
38%
W32 北永山
38%
B67
38%
A38 愛別
38%
A48 丸瀬布
38%
A55 西留辺蘂
38%
浜厚真
38%
sh07 上磯
38%
H52 山崎
35%
K50 大楽毛
35%
浜中
35%
厚床
35%
H31 鷲別
35%
安平
35%
W46 風連
35%
W51 智恵文
35%
B64 摩周
35%
A32 東旭川
35%
A45 白滝
35%
A53 生田原
35%
T01 宮の沢
35%
T02 発寒南
35%
S22 小沢
33%
S17 蘭島
33%
S16 塩谷
33%
A19 豊沼
33%
N67 渡島沼尻
33%
K34 幕別
33%
K45 音別
33%
H46 静狩
33%
H40 有珠
33%
H27 虎杖浜
33%
F38 美馬牛
33%
W44 多寄
33%
W60 咲来
33%
W77 勇知
33%
A35 当麻
33%
A68 呼人
33%
G12 太美
33%
T06 円山公園
33%
H13 月寒中央
33%
H14 福住
33%
H58 石倉
31%
S32 二股
31%
S21 銀山
31%
T27 上芦別
31%
K30 柏林台
31%
K40 浦幌
31%
K51 新大楽毛
31%
K52 新富士
31%
H20 糸井
31%
早来
31%
志文
31%
M34 御崎
31%
M33 輪西
31%
北秩父別
31%
W37 塩狩
31%
W45 瑞穂
31%
W52 智北
31%
W62 筬島
31%
B69 清里町
31%
B74 浜小清水
31%
B75 原生花園
31%
A49 瀬戸瀬
31%
G08 篠路
31%
N10 幌平橋
31%
N13 南平岸
31%
T12 東札幌
31%
H11 豊平公園
31%
sh05 渡島当別
31%
H06 北13条東
31%
H57 落部
29%
H56 野田生
29%
S28 目名
29%
昆布盛
29%
H33 本輪西
29%
H22 社台
29%
古山
29%
栗丘
29%
F33 西神楽
29%
W63 佐久
29%
W76 兜沼
29%
B68 札弦
29%
B71 中斜里
29%
B73 止別
29%
A57 相内
29%
A58 東相内
29%
A63 端野
29%
A64 緋牛内
29%
G09 拓北
29%
T10 バスセンター前
29%
T11 菊水
29%
T18 ひばりが丘
29%
sh11 七重浜
29%
DY01 湯の川
29%
DY02 湯の川温泉
29%
DY17 函館駅前
29%
D23 函館どつく前
29%
Y26 谷地頭
29%
T15 南郷13丁目
29%
T05 西28丁目
29%
T14 南郷7丁目
29%
H55 山越
27%
N65 掛澗
27%
T24 茂尻
27%
T28 野花南
27%
K32 札内
27%
K37 十弗
27%
K17 川端
27%
F29 神楽岡
27%
F36 北美瑛
27%
F44 学田
27%
W73 下沼
27%
B66 川湯温泉
27%
B76 北浜
27%
B79 桂台
27%
A31 南永山
27%
A51 安国
27%
A61 柏陽
27%
A62 愛し野
27%
G06 太平
27%
N14 澄川
27%
H04 環状通東
27%
sh10 東久根別
27%
sh09 久根別
27%
T07 西18丁目
27%
T16 南郷18丁目
27%
H51 黒岩
25%
K26 御影
25%
K39 新吉野
25%
別保
25%
姉別
25%
別当賀
25%
落石
25%
西和田
25%
H39 長和
25%
H36 稀府
25%
H35 黄金
25%
F43 鹿討
25%
W49 日進
25%
B55 遠矢
25%
B57 細岡
25%
B58 塘路
25%
B77 藻琴
25%
A37 伊香牛
25%
勇払
25%
T04 二十四軒
25%
T17 大谷地
25%
H02 新道東
25%
H03 元町
25%
H05 東区役所前
25%
H10 学園前
25%
sh08 清川口
25%
sh02 札苅
25%
T08 西11丁目
25%
SC01 西4丁目
25%
N64 尾白内
23%
K35 利別
23%
武佐
23%
茶内
23%
H34 崎守
23%
H29 富浦
23%
H24 萩野
23%
H19 青葉
23%
三川
23%
F30 緑が丘
23%
F31 西御料
23%
F35 千代ヶ岡
23%
B62 磯分内
23%
A39 中愛別
23%
A41 安足間
23%
N11 中の島
23%
H12 美園
23%
SC22 資生館小学校前
23%
SC24 狸小路
23%
K28 大成
21%
K42 厚内
21%
K48 西庶路
21%
K49 庶路
21%
門静
21%
H43 大岸
21%
H25 北吉原
21%
F34 西聖和
21%
F40 西中
21%
B78 鱒浦
21%
G07 百合が原
21%
DY09 五稜郭公園前
21%
尾幌
19%
F32 西瑞穂
19%
B59 茅沼
19%
B65 美留和
19%
A34 桜岡
19%
SC12 中央図書館前
19%
sh06 茂辺地
19%
DY20 十字街
19%
SC04 西15丁目
19%
上尾幌
17%
H37 北舟岡
17%
H26 竹浦
17%
遠浅
17%
SC03 中央区役所前
17%
SC15 幌南小学校前
17%
sh04 釜谷
17%
sh03 泉沢
17%
DY11 千代台
17%
DY16 松風町
17%
DY18 市役所前
17%
SC07 西線11条
17%
SC08 西線14条
17%
SC09 西線16条
17%
SC05 西線6条
17%
SC02 西8丁目
17%
SC06 西線9条旭山公園通
17%
H21 錦岡
15%
SC10 ロープウェイ入口
15%
SC11 電車事業所前
15%
SC17 静修学園前
15%
SC19 中島公園通
15%
DY04 駒場車庫前
15%
DY05 競馬場前
15%
DY19 魚市場通
15%
Y24 宝来町
15%
SC20 山鼻9条
15%
SC14 東屯田通
13%
SC21 東本願寺前
13%
DY06 深堀町
13%
D21 末広町
13%
Y25 青柳町
13%
SC18 行啓通
10%
DY03 函館アリーナ前
10%
DY07 柏木町
10%
DY08 杉並町
10%
DY10 中央病院前
10%
DY14 千歳町
10%
DY15 新川町
10%
D22 大町
10%
SC16 山鼻19条
10%
SC13 石山通
8%
DY13 昭和橋
8%
DY12 堀川町
4%
No matching quizzes found
Score Distribution
Percent of People with Each Score
Percentile by Number Answered
Your Score History
You have not taken this quiz